[Event "38th Olympiad"]
[Site "Dresden GER"]
[Date "2008.11.25"]
[Round "11"]
[White "Salem,AR"]
[Black "Samakov,N"]
[Result "0-1"]
[WhiteElo "2476"]
[BlackElo "2340"]
[EventDate "2008.11.13"]

1. d4 Nf6 2. c4 g6 3. Nc3 Bg7 4. e4 d6 5. f3 O-O 6. Be3 e5 7. d5 Nbd7 8.
Nh3 a5 9. Be2 Nc5 10. g4 Ne8 11. Qd2 f5 12. gxf5 gxf5 13. exf5 Bxf5 14. Nf2
Nf6 15. Rg1 Bg6 16. O-O-O a4 17. Nd3 b6 18. Bh6 Nh5 19. Nxc5 bxc5 20. Bd3
Bxd3 21. Bxg7 Nxg7 22. Qxd3 Qf6 23. Rdf1 a3 24. Rf2 Kh8 25. Ne4 Qf4+ 26.
Kb1 axb2 27. Ng5 Qf5 28. Qxf5 Nxf5 29. Rxb2 Nd4 30. Rg3 h6 31. Rh3 Kg7 32.
Ne4 Rab8 33. Rg3+ Kf7 34. Rgg2 Nxf3 35. a4 Nd4 36. Ka2 Rxb2+ 37. Rxb2 Ke7
38. Rg2 Rf4 39. Nd2 e4 40. Nb3 e3 0-1

[Event "38th Olympiad"]
[Site "Dresden GER"]
[Date "2008.11.25"]
[Round "11"]
[White "Takyrbashev,B"]
[Black "Ali,Ab"]
[Result "1/2-1/2"]
[WhiteElo "2142"]
[BlackElo "2130"]
[EventDate "2008.11.13"]

1. e4 c6 2. d4 d5 3. f3 e6 4. Nc3 Nf6 5. Nge2 Be7 6. Bg5 Nxe4 7. Be3 Nd6 8.
Nf4 Nf5 9. Bf2 Qb6 10. Na4 Qa5+ 11. c3 Qc7 12. Nd3 Nd7 13. g4 Nd6 14. Nac5
b6 15. Nxd7 Bxd7 16. Ne5 Bc8 17. Qc2 Bb7 18. O-O-O O-O-O 19. Kb1 f6 20. Nd3
Rde8 21. Re1 Bd8 22. Bg2 Qf7 23. Re2 Bc7 24. Rhe1 g5 25. Bg3 Nc4 26. f4 h5
27. fxg5 fxg5 28. Rf2 Qg6 29. gxh5 Rxh5 30. Qe2 Bxg3 31. hxg3 Ba6 32. Bf1
Rh1 33. Kc1 Nxb2 34. Kxb2 Bxd3 35. Qe5 Rxf1 36. Rexf1 Bxf1 37. Rxf1 Kd7 38.
Rf6 Qd3 39. Qxg5 Qe2+ 40. Kc1 Qe1+ 41. Kb2 Qe2+ 42. Kc1 Qe1+ 43. Kb2 Qe2+
44. Kc1 Re7 1/2-1/2

[Event "38th Olympiad"]
[Site "Dresden GER"]
[Date "2008.11.25"]
[Round "11"]
[White "Hassan,Ab"]
[Black "Tologontegin,S"]
[Result "1-0"]
[WhiteElo "2287"]
[BlackElo "2359"]
[EventDate "2008.11.13"]

1. d4 d5 2. Nf3 Nf6 3. c4 c6 4. e3 Bf5 5. Nc3 e6 6. Nh4 Bg6 7. Qb3 Qc7 8.
Nxg6 hxg6 9. f4 Nbd7 10. Bd2 Be7 11. O-O-O Ng4 12. Re1 Nf2 13. Rg1 Rxh2 14.
cxd5 cxd5 15. Kb1 a6 16. Rc1 Qb6 17. Qa4 Rc8 18. Be2 Qd8 19. Rcf1 Ne4 20.
Nxe4 dxe4 21. Rh1 Rh6 22. g4 Kf8 23. g5 Rxh1 24. Rxh1 Kg8 25. Ba5 b6 26.
Bd2 a5 27. Qd1 Qc7 28. Ba6 Ra8 29. Qf1 Nf8 30. Bc4 Rc8 31. Qh3 f5 32. gxf6
gxf6 33. Bxe6+ Nxe6 34. Qxe6+ Kg7 35. Rc1 Qd6 36. Qxc8 1-0

[Event "38th Olympiad"]
[Site "Dresden GER"]
[Date "2008.11.25"]
[Round "11"]
[White "Davletbakov,S"]
[Black "AlHuwar,J"]
[Result "0-1"]
[WhiteElo "2145"]
[BlackElo "2230"]
[EventDate "2008.11.13"]

1. e4 e6 2. d3 d5 3. Nd2 Nf6 4. Ngf3 b6 5. e5 Nfd7 6. g3 c5 7. Bg2 Nc6 8.
Qe2 Qc7 9. O-O Be7 10. Re1 Bb7 11. c3 g5 12. h3 h5 13. g4 hxg4 14. hxg4
O-O-O 15. Nf1 Rdg8 16. Ng3 Nf8 17. Nh5 Ng6 18. Nxg5 Ncxe5 19. d4 Nd7 20.
Nxf7 Rxh5 21. gxh5 Nh4 22. Bg5 Bxg5 23. Qxe6 Kb8 24. Nd6 Nf6 25. Kh1 Nxg2
26. Kxg2 Bc6 27. Kf3 Bd7 28. Qe5 Ng4 29. Qg3 Rf8+ 30. Kg2 Bf4 31. Nb5 Bxg3
32. Nxc7 Bxc7 33. f3 Nf6 0-1

[Event "38th Olympiad"]
[Site "Dresden GER"]
[Date "2008.11.25"]
[Round "11"]
[White "Bakr,J"]
[Black "Ziska,H"]
[Result "1/2-1/2"]
[WhiteElo "2338"]
[BlackElo "2416"]
[EventDate "2008.11.13"]

1. e4 c5 2. Nf3 d6 3. d4 cxd4 4. Nxd4 Nf6 5. Nc3 a6 6. Bg5 e6 7. f4 Nc6 8.
Nxc6 bxc6 9. e5 h6 10. Bh4 g5 11. fxg5 Nd5 12. Ne4 Qb6 13. Bd3 hxg5 14.
Bxg5 Qxb2 15. c4 Bg7 16. O-O Qxe5 17. h3 f5 18. Qf3 Nb4 19. Rae1 Nxd3 20.
Nf6+ Bxf6 21. Rxe5 Nxe5 22. Qf4 Bxg5 23. Qxg5 Bd7 24. c5 Nf7 25. Qg7 d5 26.
Rb1 Ke7 27. Rb7 Raf8 28. Qg3 e5 29. Qd3 Nd8 30. Ra7 Ne6 31. Qxa6 Rc8 32.
Qd3 f4 33. Qf5 e4 34. Rxd7+ Kxd7 35. Qf7+ Kd8 36. Qxe6 Kc7 37. Qe5+ Kb7 38.
Qb2+ Ka8 39. Qa3+ Kb7 40. Qb2+ Ka8 41. Qa3+ Kb7 42. Qb2+ 1/2-1/2

[Event "38th Olympiad"]
[Site "Dresden GER"]
[Date "2008.11.25"]
[Round "11"]
[White "Olsen,H"]
[Black "Hamad,Ah"]
[Result "1-0"]
[WhiteElo "2376"]
[BlackElo "2287"]
[EventDate "2008.11.13"]

1. c4 f5 2. Nf3 g6 3. g3 Bg7 4. d4 Nf6 5. Nc3 O-O 6. Bg2 d6 7. O-O Qe8 8.
d5 Na6 9. Rb1 Nc5 10. Nd4 e5 11. dxe6 Bxe6 12. Nxe6 Qxe6 13. Nd5 Rac8 14.
Nxf6+ Qxf6 15. b4 Ne4 16. Bxe4 fxe4 17. Qd5+ Qf7 18. Qxe4 b5 19. cxb5 Qxa2
20. Qd3 Rb8 21. Be3 Rf5 22. Rb3 Rfxb5 23. Ra3 Qf7 24. Rxa7 Rxb4 25. Rc1
R4b7 26. Rxb7 Rxb7 27. Qa6 Qd5 28. Qa8+ Kf7 29. Rxc7+ 1-0

[Event "38th Olympiad"]
[Site "Dresden GER"]
[Date "2008.11.25"]
[Round "11"]
[White "Raes,A"]
[Black "Rodgaard,J"]
[Result "0-1"]
[WhiteElo "2202"]
[BlackElo "2383"]
[EventDate "2008.11.13"]

1. d4 d5 2. Nf3 Nf6 3. c4 e6 4. g3 dxc4 5. Qa4+ Nbd7 6. Bg2 a6 7. Qxc4 b5
8. Qc6 Rb8 9. O-O Bb7 10. Qc2 c5 11. Nbd2 Rc8 12. Qb1 Qb6 13. e3 c4 14. e4
Be7 15. a3 h6 16. e5 Nd5 17. Ne4 a5 18. Bd2 Rc7 19. Rc1 O-O 20. b3 cxb3 21.
Qxb3 Rxc1+ 22. Rxc1 Rc8 23. Rxc8+ Bxc8 24. Bf1 b4 25. axb4 axb4 26. Be1 Ba6
27. Ned2 Bxf1 28. Kxf1 Nb8 29. Qc4 Nc6 30. Nb3 Na5 31. Nxa5 Qxa5 32. Nd2
Qa1 33. Qc8+ Kh7 34. Qc2+ g6 35. h4 Qxd4 36. Nf3 Qg4 37. Qd3 Qf5 38. Ke2
Qg4 39. Kd1 Kg7 40. Kc2 Qh3 41. Kb3 Qg4 42. Nd4 Bc5 43. Nc2 Qh5 44. f4 Qg4
45. Kc4 Be7 46. Ne3 Nxe3+ 47. Qxe3 Qd1 48. Bxb4 Qa4 49. Qb3 Qc6+ 50. Kd4
Qb7 51. Kc4 Qe4+ 52. Kb5 Bxb4 53. Qxb4 Qd3+ 54. Kc6 Qxg3 55. Kd7 Qf3 56.
Ke8 Qa8+ 57. Kd7 Qd5+ 58. Ke7 Qc6 59. Kd8 Qc2 60. Ke8 Qc8+ 0-1

[Event "38th Olympiad"]
[Site "Dresden GER"]
[Date "2008.11.25"]
[Round "11"]
[White "Andreasen,Jo"]
[Black "Hakki,I"]
[Result "1-0"]
[WhiteElo "2179"]
[BlackElo "2422"]
[EventDate "2008.11.13"]

1. d4 Nf6 2. c4 e6 3. Nc3 Bb4 4. g3 d5 5. Bg2 O-O 6. Nf3 dxc4 7. O-O Nc6 8.
a3 Bd6 9. Qa4 Bd7 10. Qxc4 Rb8 11. Rd1 b5 12. Qd3 b4 13. axb4 Nxb4 14. Qc4
Nfd5 15. e4 Nxc3 16. bxc3 Nc6 17. e5 Be7 18. Be3 Rb2 19. h4 h6 20. d5 exd5
21. Qxd5 Be8 22. Qe4 Qc8 23. Nd4 Nxd4 24. cxd4 a6 25. Bf1 Bb5 26. Bd3 Bxd3
27. Rxd3 f5 28. Qd5+ Kh8 29. f4 Qb8 30. Rc1 Qb6 31. Qc6 Qa5 32. Qxc7 Qa2
33. Qc6 Kh7 34. Qf3 Rfb8 35. d5 Ba3 36. Rcd1 Rc2 37. R3d2 Rb3 38. Qf2 Rb1
39. Rxb1 Qxb1+ 40. Kh2 Rc1 41. Qg2 Re1 42. Bf2 Re4 43. d6 Qc1 44. Bb6 1-0

[Event "38th Olympiad"]
[Site "Dresden GER"]
[Date "2008.11.25"]
[Round "11"]
[White "Amir,K"]
[Black "Espinoza,F"]
[Result "1-0"]
[WhiteElo "2265"]
[BlackElo "2243"]
[EventDate "2008.11.13"]

1. d4 Nf6 2. c4 g6 3. Nc3 Bg7 4. e4 d6 5. Nf3 O-O 6. Be2 e5 7. Be3 Nbd7 8.
O-O c6 9. Ne1 exd4 10. Bxd4 Re8 11. f3 Nc5 12. e5 Nh5 13. Bxc5 dxc5 14. f4
Qxd1 15. Rxd1 f5 16. Bxh5 gxh5 17. Rf3 Be6 18. b3 Rad8 19. Rfd3 Rxd3 20.
Rxd3 Kf7 21. Nf3 h6 22. Ne2 Bf8 23. Ng3 Be7 24. Nxh5 a5 25. Ng3 a4 26. Nd2
Ra8 27. Ngf1 axb3 28. axb3 Ra2 29. Ne3 h5 30. g3 Ra1+ 31. Kg2 Ra2 32. h4 b5
33. Kh3 Ra3 34. Rc3 Kg6 35. Rc2 Kf7 36. Kg2 Bd8 37. Kf2 Ba5 38. Nf3 Rxb3
39. Ng5+ Ke7 40. Ra2 Bb6 41. Ra6 bxc4 42. Nxe6 Kxe6 43. Nxc4 Bd8 44. Nd2
Rb2 45. Rxc6+ Ke7 46. Ke3 Ba5 47. Nc4 Rb3+ 48. Kf2 Bc3 49. Nb6 Bd4+ 50. Ke2
Rxg3 51. Nd5+ Kd7 52. Rd6+ Ke8 53. e6 Ra3 54. Rb6 Ra2+ 55. Kd3 Rb2 56. Ra6
Rb8 57. Ra7 Bf2 58. Rg7 c4+ 59. Kxc4 Rc8+ 60. Kd3 1-0

[Event "38th Olympiad"]
[Site "Dresden GER"]
[Date "2008.11.25"]
[Round "11"]
[White "Ahmed,Has"]
[Black "Bravo,Will"]
[Result "1/2-1/2"]
[WhiteElo "2253"]
[BlackElo "2157"]
[EventDate "2008.11.13"]

1. d4 d5 2. c4 c6 3. Nc3 Nf6 4. Bg5 dxc4 5. a4 e6 6. e3 Nbd7 7. Bxc4 Qa5 8.
Bh4 g5 9. Bg3 h5 10. f3 Bb4 11. Nge2 h4 12. Bf2 g4 13. h3 Nb6 14. Bb3 g3
15. Bg1 Bd7 16. e4 O-O-O 17. Qc1 Be7 18. Be3 Kb8 19. Bd2 Qb4 20. Nd5 Qxb3
21. Bf4+ Ka8 22. Nc7+ Kb8 23. Nb5+ Ka8 24. Nc7+ Kb8 25. Nd5+ Ka8 26. Nc7+
1/2-1/2

[Event "38th Olympiad"]
[Site "Dresden GER"]
[Date "2008.11.25"]
[Round "11"]
[White "Lorenzana,W"]
[Black "Lim Yee Weng"]
[Result "1-0"]
[WhiteElo "2202"]
[BlackElo "2396"]
[EventDate "2008.11.13"]

1. e4 c5 2. Nf3 d6 3. d4 cxd4 4. Nxd4 Nf6 5. Nc3 g6 6. Be3 Bg7 7. f3 a6 8.
Bc4 b5 9. Bb3 Bb7 10. Qd2 Nbd7 11. O-O-O h5 12. h4 Rc8 13. Kb1 Ne5 14. Nde2
Qc7 15. Bd4 Nc4 16. Bxc4 Qxc4 17. b3 Qc6 18. Nd5 e5 19. Nxf6+ Bxf6 20. Bc3
Be7 21. Bb4 Ra8 22. Qc3 Qb6 23. Ba5 Qa7 24. Qd3 Qc5 25. Qc3 Qa7 26. Qd2 Kf8
27. Nc3 Kg7 28. Qe2 Rac8 29. Rd3 b4 30. Nd5 Bxd5 31. Rxd5 Qb7 32. Qd2 Rc3
33. a3 Rhc8 34. Rc1 Bxh4 35. Bxb4 R3c6 36. Rxd6 Bg3 37. Qd5 Bf4 38. Rd7
Qxd7 39. Qxd7 Bxc1 40. Kxc1 Rxc2+ 41. Kd1 Rc1+ 42. Ke2 R8c2+ 43. Bd2 Rg1
44. Kd3 Ra2 45. Qe7 Rd1 46. Qxe5+ f6 47. Qc7+ Kf8 48. Qc3 Ke7 49. Ke3 Rdxd2
50. Qxd2 Rxd2 51. Kxd2 Kd6 52. b4 g5 53. a4 g4 54. fxg4 hxg4 55. g3 1-0

[Event "38th Olympiad"]
[Site "Dresden GER"]
[Date "2008.11.25"]
[Round "11"]
[White "Mok Tze Meng"]
[Black "Quinones,Ces"]
[Result "0-1"]
[WhiteElo "2308"]
[BlackElo "2312"]
[EventDate "2008.11.13"]

1. e4 e5 2. Nf3 Nf6 3. Nxe5 d6 4. Nf3 Nxe4 5. Qe2 Qe7 6. d3 Nf6 7. Bg5
Qxe2+ 8. Bxe2 Be7 9. Nc3 h6 10. Bh4 c6 11. O-O-O O-O 12. Rhe1 Re8 13. h3
Nbd7 14. Nd4 Nf8 15. Bf3 Bd7 16. g4 d5 17. Re2 Ng6 18. Bg3 Bc5 19. Nb3 Rxe2
20. Nxe2 Bf8 21. c4 Re8 22. Nc3 dxc4 23. dxc4 Bc8 24. a3 Ne5 25. Be2 Ned7
26. Kc2 Nc5 27. Nxc5 Bxc5 28. b4 Be7 29. Bf3 Be6 30. c5 Rc8 31. Bd6 Kf8 32.
Bg2 Ke8 33. f4 Bxd6 34. Rxd6 g6 35. a4 Ke7 36. a5 Ne8 37. Rd2 a6 38. Bf3
Nc7 39. Ne4 Nb5 40. Nd6 Nxd6 41. Rxd6 Rd8 42. Rxd8 Kxd8 43. h4 Bc4 44. Kc3
Bf1 45. Kd4 Ke7 46. g5 hxg5 47. fxg5 Bh3 48. Ke5 Bd7 49. Be2 Bc8 50. h5
gxh5 51. Bxh5 Bh3 52. Be2 Bd7 53. Bc4 Bh3 54. Bb3 Bd7 55. Bc2 Be8 56. Bh7
Bd7 57. Bg8 Bh3 58. Bh7 Bd7 59. Bg8 Bh3 60. Kf4 Bc8 61. Bh7 Bd7 62. Bb1 Be6
63. Ke5 Bc8 64. Kf4 Bd7 65. Ba2 Bc8 66. Kg3 Bd7 67. Kh4 Kf8 68. Kg3 Ke7 69.
Kf4 Bc8 70. Ke5 Bh3 71. Bxf7 Kxf7 72. Kd6 Bf1 73. Kc7 Kg6 74. Kxb7 Bb5 0-1

[Event "38th Olympiad"]
[Site "Dresden GER"]
[Date "2008.11.25"]
[Round "11"]
[White "Galvez Dastin,E"]
[Black "Lee Kim Han,E"]
[Result "0-1"]
[WhiteElo "2178"]
[BlackElo "2054"]
[EventDate "2008.11.13"]

1. Nf3 Nf6 2. c4 g6 3. Nc3 Bg7 4. e4 d6 5. d4 O-O 6. Be2 e5 7. O-O Nc6 8.
d5 Ne7 9. b4 Nh5 10. Re1 f5 11. Ng5 Nf6 12. f3 c6 13. b5 c5 14. Ne6 Bxe6
15. dxe6 Ne8 16. Nd5 f4 17. g3 Nc7 18. Nxc7 Qxc7 19. Bf1 Rad8 20. a4 g5 21.
Bh3 h5 22. Ra3 Rf6 23. Rd3 Rg6 24. Bb2 Bf6 25. Bf5 Rg7 26. gxf4 gxf4+ 27.
Kh1 Kh8 28. Bh3 Nc8 29. Bc3 Rdg8 30. e7 Bh4 31. Rf1 Qxe7 32. Bxc8 Qg5 33.
Bh3 Bf2 34. Bg4 Bd4 35. Bxd4 cxd4 36. h3 hxg4 37. fxg4 Qh4 38. Rg1 Rc8 39.
Qb3 Rgc7 40. Qb4 Qh7 41. Re1 Qg6 42. Qa5 b6 43. Qa6 d5 0-1

[Event "38th Olympiad"]
[Site "Dresden GER"]
[Date "2008.11.25"]
[Round "11"]
[White "Roselli Mailhe,B"]
[Black "Matamoros Franco,C"]
[Result "0-1"]
[WhiteElo "2368"]
[BlackElo "2525"]
[EventDate "2008.11.13"]

1. d4 d5 2. c4 c6 3. cxd5 cxd5 4. Nc3 Nf6 5. Bf4 Qb6 6. Qb3 Qxd4 7. Nb5
Qxf4 8. e3 Qe4 9. Nc7+ Kd8 10. Nxa8 e6 11. a3 Nc6 12. Nf3 Bd6 13. Bd3 Qg4
14. h3 Qxg2 15. Ke2 Nh5 0-1

[Event "38th Olympiad"]
[Site "Dresden GER"]
[Date "2008.11.25"]
[Round "11"]
[White "Pazos Gambarrotti,P"]
[Black "Larrea,M"]
[Result "1-0"]
[WhiteElo "2327"]
[BlackElo "2267"]
[EventDate "2008.11.13"]

1. d4 Nf6 2. c4 g6 3. Nc3 Bg7 4. e4 d6 5. Nge2 O-O 6. Ng3 Nc6 7. d5 Nb8 8.
Be2 c6 9. O-O a6 10. a4 Nbd7 11. Kh1 Nc5 12. a5 cxd5 13. exd5 b6 14. b4 Nb7
15. axb6 Qxb6 16. Rb1 e6 17. Nge4 Nxe4 18. Nxe4 exd5 19. Qxd5 Be6 20. Qd1
Qc6 21. Nd2 d5 22. Bf3 Rfd8 23. c5 a5 24. Nb3 axb4 25. Be3 Qa4 26. Bd4 Bxd4
27. Qxd4 Rac8 28. Rfc1 Qb5 29. h4 h5 30. Rb2 Rc7 31. Be2 Qd7 32. Ba6 Qe7
33. Bxb7 Rxb7 34. Na5 Rc7 35. Rxb4 Bf5 36. Kg1 Be4 37. f3 Bf5 38. Rb6 Re8
39. Nc6 Qe2 40. Qf4 Qe3+ 41. Qxe3 Rxe3 42. Nd4 Bd7 43. c6 Be8 44. Kf2 Ree7
45. Rc5 Kg7 46. Rxd5 Rc8 47. Rc5 Rec7 48. Rb7 Kf6 49. g4 Ke7 50. Nb5 Rxb7
51. cxb7 Rb8 52. Rc8 1-0

[Event "38th Olympiad"]
[Site "Dresden GER"]
[Date "2008.11.25"]
[Round "11"]
[White "Lopez Falcon,J"]
[Black "Aucay Pelaez,M"]
[Result "0-1"]
[WhiteElo "2206"]
[BlackElo "2335"]
[EventDate "2008.11.13"]

1. d4 Nf6 2. Nf3 e6 3. g3 b6 4. Bg2 Bb7 5. c4 d5 6. Nc3 Nbd7 7. O-O Be7 8.
b3 O-O 9. Bb2 c6 10. Nd2 a6 11. e4 dxe4 12. Ndxe4 Qc7 13. Qe2 Rfe8 14. Rfd1
Rad8 15. Rac1 c5 16. dxc5 Nxc5 17. Nxc5 Bxc5 18. Ne4 Nxe4 19. Bxe4 a5 20.
Be5 Qe7 21. Bc3 h6 22. Bxb7 Qxb7 23. Rd3 Rxd3 24. Qxd3 e5 25. Rd1 Re6 26.
Qd5 Qe7 27. Qd8+ Kh7 28. Qxe7 Rxe7 29. Rd5 e4 30. Re5 Rxe5 31. Bxe5 h5 32.
Kf1 Kg6 33. Ke2 f6 34. Bf4 Kf5 35. Be3 Ke5 36. h3 g6 37. h4 Kf5 38. a3 g5
39. b4 axb4 40. axb4 Bxb4 41. Bxb6 gxh4 42. gxh4 Ke5 43. Ke3 f5 44. Bd4+
Ke6 45. Kf4 Be7 46. Kg3 Bd6+ 47. Kg2 f4 48. Kf1 Be7 49. Ke2 Bxh4 50. f3 Kf5
51. Bb6 Bf6 52. Kf2 h4 53. fxe4+ Kxe4 54. Bc7 Bd4+ 55. Kg2 f3+ 56. Kh3 Ke3
0-1

[Event "38th Olympiad"]
[Site "Dresden GER"]
[Date "2008.11.25"]
[Round "11"]
[White "Macias Murillo,B"]
[Black "Rodriguez,Sa"]
[Result "1-0"]
[WhiteElo "2333"]
[BlackElo "2262"]
[EventDate "2008.11.13"]

1. Nf3 c5 2. c4 b6 3. g3 Bb7 4. Bg2 Nf6 5. O-O e6 6. Nc3 Be7 7. b3 O-O 8.
Bb2 d6 9. d4 cxd4 10. Qxd4 a6 11. Rfd1 Nbd7 12. Rac1 Qc7 13. e4 Rad8 14.
Qe3 Rfe8 15. Nd4 Bf8 16. h3 Qb8 17. Re1 Ba8 18. Qe2 g6 19. Rcd1 Bg7 20. Nc2
d5 21. e5 Nh5 22. cxd5 Nxe5 23. Ne3 b5 24. dxe6 Bxg2 25. exf7+ Nxf7 26.
Kxg2 Qb7+ 27. Qf3 Qxf3+ 28. Kxf3 Ne5+ 29. Ke2 Rxd1 30. Rxd1 Nc6 31. Rd6
Nd4+ 32. Kd3 Ne6 33. Ncd1 Bf8 34. Rc6 Bc5 35. Ng4 a5 36. Nde3 Bxe3 37. Nxe3
Rd8+ 38. Ke2 Nd4+ 39. Bxd4 Rxd4 40. Rc5 a4 41. Rxb5 axb3 42. axb3 Nf6 43.
Rb7 Ne4 44. Ng4 h5 45. Nh6+ 1-0

[Event "38th Olympiad"]
[Site "Dresden GER"]
[Date "2008.11.25"]
[Round "11"]
[White "Elliott,W"]
[Black "Ermenkov,Evgenij"]
[Result "1-0"]
[WhiteElo "2264"]
[BlackElo "2465"]
[EventDate "2008.11.13"]

1. e4 c6 2. Ne2 d5 3. e5 c5 4. d4 Nc6 5. c3 cxd4 6. cxd4 Bg4 7. Nbc3 e6 8.
Be3 Nge7 9. Qb3 Qd7 10. Ng3 Nf5 11. Nxf5 Bxf5 12. Be2 Be7 13. O-O Rf8 1-0

[Event "38th Olympiad"]
[Site "Dresden GER"]
[Date "2008.11.25"]
[Round "11"]
[White "Michel Yunis,C"]
[Black "Matthews,S"]
[Result "1-0"]
[WhiteElo "2368"]
[BlackElo "2179"]
[EventDate "2008.11.13"]

1. d4 Nf6 2. c4 e6 3. Nf3 b6 4. a3 c5 5. d5 Ba6 6. Qc2 exd5 7. cxd5 d6 8.
Nc3 g6 9. g3 Bg7 10. Bg2 O-O 11. O-O Re8 12. Re1 Bb7 13. e4 a6 14. a4 Qc7
15. Rb1 Nbd7 16. b3 Re7 17. Bb2 Rae8 18. h3 Qb8 19. Ba1 b5 20. axb5 axb5
21. b4 cxb4 22. Rxb4 Bxd5 23. Rxb5 Qc7 24. Nd2 Ba8 25. Rc1 h5 26. Qd1 Qa7
27. Nc4 h4 28. g4 Nxe4 29. Nxe4 Rxe4 30. Bxe4 Rxe4 31. Bxg7 Kxg7 32. Ra1
Qd4 33. Qxd4+ Rxd4 34. Rxa8 Rxc4 35. Rd8 Nf6 36. f3 Rd4 37. Kf2 Rd2+ 38.
Ke3 Rh2 39. g5 Ng8 40. Rb7 Rxh3 41. Rdd7 Nh6 42. gxh6+ Kxh6 43. Rxf7 1-0

[Event "38th Olympiad"]
[Site "Dresden GER"]
[Date "2008.11.25"]
[Round "11"]
[White "Rowe,D"]
[Black "Moussa,A"]
[Result "1/2-1/2"]
[WhiteElo "2203"]
[BlackElo "2223"]
[EventDate "2008.11.13"]

1. e4 c6 2. Nf3 d5 3. Nc3 dxe4 4. Nxe4 Nf6 5. Nxf6+ gxf6 6. g3 Bg4 7. Bg2
Nd7 8. d4 e6 9. O-O Bd6 10. c4 Qa5 11. h3 Bh5 12. Bd2 Qa6 13. Qb3 O-O 14.
Rfe1 c5 15. Nh4 Rab8 16. d5 Be5 17. Bh6 Rfe8 18. Bf3 Bg6 19. dxe6 Qxe6 20.
Kg2 Qb6 21. Qd1 Bd4 22. Rxe8+ Rxe8 23. Qa4 Qxb2 24. Rf1 b5 25. Qxb5 Qxb5
26. cxb5 Bd3 27. Rc1 Ne5 28. Re1 Bxb5 29. Bd5 Bxf2 30. Rb1 Bd3 31. Rb7 Bd4
32. Nf3 Bc4 33. Bxc4 Nxc4 34. Nxd4 cxd4 35. Rd7 Ne3+ 36. Kf3 Nf5 37. Bf4
Re7 38. Rd5 Ng7 39. Rxd4 Ne6 40. Ra4 Ng5+ 41. Kg4 1/2-1/2

[Event "38th Olympiad"]
[Site "Dresden GER"]
[Date "2008.11.25"]
[Round "11"]
[White "Ihsan,J"]
[Black "Pitterson,J"]
[Result "0-1"]
[WhiteElo "2166"]
[BlackElo "2223"]
[EventDate "2008.11.13"]

1. c4 Nf6 2. Nc3 g6 3. e4 d6 4. d4 Bg7 5. f3 O-O 6. Be3 e5 7. Nge2 c6 8.
Qd2 Nbd7 9. Rd1 a6 10. dxe5 Nxe5 11. b3 b5 12. c5 d5 13. exd5 b4 14. Na4
Nxd5 15. Nb6 Bf5 16. Ng3 Nxf3+ 17. gxf3 Bc3 18. Qxc3 bxc3 19. Nxf5 c2 20.
Rxd5 cxd5 21. Kd2 Rb8 22. Bd4 Qg5+ 0-1

[Event "38th Olympiad"]
[Site "Dresden GER"]
[Date "2008.11.25"]
[Round "11"]
[White "Van Hoolandt,P"]
[Black "Georgiev,Ves"]
[Result "1/2-1/2"]
[WhiteElo "2231"]
[BlackElo "2372"]
[EventDate "2008.11.13"]

1. d4 g6 2. c4 Bg7 3. e4 d6 4. Nc3 Nf6 5. Nf3 O-O 6. Be3 Na6 7. Be2 e5 8.
O-O Qe8 9. dxe5 dxe5 10. c5 Ng4 11. Bg5 Nxc5 12. Nd5 Qd7 13. Nd2 f6 14.
Bxg4 Qxg4 15. Nxc7 Rb8 16. Be3 b6 17. Qxg4 Bxg4 18. f3 Rb7 19. Bxc5 bxc5
20. fxg4 Rxc7 21. Rac1 Bh6 22. Rc2 Rd8 23. Nc4 Kg7 24. g3 Rd4 25. Re1 Kf7
26. Kg2 Ke6 27. b3 Rcd7 28. Kf3 Rd1 29. Rxd1 Rxd1 30. Nb2 Rf1+ 31. Ke2 Rh1
32. Kf3 Bf8 33. Nd3 Rf1+ 34. Kg2 Ra1 35. Kf3 h5 36. gxh5 gxh5 37. Nxc5+
Bxc5 38. Rxc5 Rxa2 39. Rc6+ Kf7 40. h4 a5 41. Ra6 Kg6 42. Ra7 Ra1 43. Ke2
Ra3 44. Kf2 Rxb3 45. Rxa5 Rb6 46. Ra8 Rb2+ 1/2-1/2

[Event "38th Olympiad"]
[Site "Dresden GER"]
[Date "2008.11.25"]
[Round "11"]
[White "Parfenov,P"]
[Black "Krulich,R"]
[Result "1-0"]
[WhiteElo "2252"]
[BlackElo "2239"]
[EventDate "2008.11.13"]

1. d4 d5 2. Nf3 c6 3. g3 Nf6 4. Bg2 g6 5. O-O Bg7 6. Nbd2 O-O 7. Re1 Ne4 8.
Nxe4 dxe4 9. Ng5 Qxd4 10. Qxd4 Bxd4 11. c3 Bg7 12. Nxe4 Nd7 13. Bg5 Re8 14.
Be3 Nf6 15. Red1 Nxe4 16. Bxe4 Be6 17. Kf1 Be5 18. a4 a5 19. Bb6 Ra6 20.
Bc5 Bc7 21. Bc2 b6 22. Bd4 Rd8 23. f3 Raa8 24. e4 Bc4+ 25. Ke1 Rd7 26. Be3
Rad8 27. Rxd7 Rxd7 28. Rd1 Rxd1+ 29. Kxd1 Kf8 30. b3 Be6 31. Kd2 Ke8 32.
Kd3 Kd7 33. g4 c5 34. h3 f5 35. exf5 gxf5 36. c4 Be5 37. Ke2 f4 38. Bd2 Bg8
39. Bf5+ e6 40. Be4 h6 41. Kd3 Ke7 42. h4 Kf6 43. h5 Bc7 44. Bg6 e5 45. Be1
Kg5 46. Be4 Bd6 47. Ke2 Bc7 48. Kf1 Bf7 49. Kg2 Kf6 50. Bh4+ Kg7 51. Kf2
Kf8 52. Bf6 Be8 53. Bg6 Bd6 54. Bxe8 Kxe8 55. Bg7 Kf7 56. Bxh6 Be7 57. g5
Ke6 58. Ke2 Kf5 59. g6 Ke6 60. Kd3 Bh4 61. Ke4 Bf6 62. Bf8 1-0

[Event "38th Olympiad"]
[Site "Dresden GER"]
[Date "2008.11.25"]
[Round "11"]
[White "Lebel,P"]
[Black "Salov,S"]
[Result "1/2-1/2"]
[WhiteElo "2187"]
[BlackElo "2269"]
[EventDate "2008.11.13"]

1. b3 e5 2. Bb2 Nc6 3. c4 Nf6 4. e3 d6 5. Nc3 Be7 6. Nf3 O-O 7. Be2 Re8 8.
d4 e4 9. Nd2 Bf8 10. a3 Bf5 11. g4 Bg6 12. h4 h6 13. g5 hxg5 14. hxg5 Nh7
15. d5 Nb8 16. Qc2 Nxg5 17. O-O-O Nd7 18. Rh4 Nc5 19. Rdh1 f6 20. f4 Nf7
21. Qd1 Nh6 22. Rg1 Nf5 23. Rh3 Bf7 24. Bh5 Qd7 25. Kb1 Nh6 26. Bxf7+ Kxf7
27. Qh5+ Ke7 28. Ncxe4 Nxe4 29. Nxe4 Qf5 30. Qxf5 Nxf5 31. Nf2 Kf7 32. e4
Nh6 33. Kc2 c6 34. Kd3 1/2-1/2

[Event "38th Olympiad"]
[Site "Dresden GER"]
[Date "2008.11.25"]
[Round "11"]
[White "Arosemena,J"]
[Black "Rizouk,A"]
[Result "0-1"]
[WhiteElo "2201"]
[BlackElo "2507"]
[EventDate "2008.11.13"]

1. e4 c5 2. Nf3 d6 3. d4 cxd4 4. Nxd4 Nf6 5. Nc3 Nc6 6. Bc4 Qb6 7. Nb3 e6
8. Be3 Qc7 9. f4 Be7 10. O-O a6 11. a4 b6 12. Kh1 O-O 13. Nd4 Bb7 14. Nxc6
Bxc6 15. Bd3 Qb7 16. Qf3 b5 17. Qh3 Nxe4 18. Bd4 f5 19. Rae1 d5 20. axb5
axb5 21. Nd1 b4 22. Ne3 Bb5 23. g4 Bc5 24. Bxe4 Bxd4 25. Bd3 Bxe3 26. Bxb5
d4+ 0-1

[Event "38th Olympiad"]
[Site "Dresden GER"]
[Date "2008.11.25"]
[Round "11"]
[White "Goutali,T"]
[Black "Pan,L"]
[Result "0-1"]
[WhiteElo "2225"]
[BlackElo "2213"]
[EventDate "2008.11.13"]

1. e4 c5 2. Nf3 e6 3. d3 Nc6 4. g3 b6 5. Bg2 Bb7 6. O-O Nf6 7. Re1 Be7 8.
Nbd2 d5 9. e5 Nd7 10. Nf1 Qc7 11. Bf4 h6 12. h4 Nf8 13. Qe2 g5 14. hxg5 Ng6
15. Bc1 hxg5 16. Bxg5 Bxg5 17. Nxg5 Ngxe5 18. f4 Qe7 19. Qd2 f6 20. Nh3
Rxh3 21. fxe5 Rh5 22. exf6 Qxf6 23. Qe2 Re5 24. Qf3 Rf5 25. Qg4 O-O-O 26.
c3 Ne5 27. Qe2 Rf8 28. Rac1 Rf2 29. Qxe5 Rxg2+ 30. Kxg2 d4+ 0-1

[Event "38th Olympiad"]
[Site "Dresden GER"]
[Date "2008.11.25"]
[Round "11"]
[White "Valdes,R"]
[Black "Haddouche,M"]
[Result "0-1"]
[WhiteElo "2093"]
[BlackElo "2333"]
[EventDate "2008.11.13"]

1. e4 e5 2. Nf3 d6 3. d4 exd4 4. Nxd4 Nf6 5. Nc3 Be7 6. Be2 O-O 7. O-O Re8
8. Re1 Bf8 9. Bf1 h6 10. f3 c6 11. Kh1 Nbd7 12. Bf4 Ne5 13. Qd2 Nh5 14. Be3
Qf6 15. Rad1 Bd7 16. b3 b5 17. Qf2 b4 18. Nb1 a5 19. Ne2 g5 20. Bd4 c5 21.
Bxe5 Rxe5 22. Nd2 Ree8 23. Nc4 Bc6 24. Ng3 Nf4 25. Ne3 a4 26. Bc4 axb3 27.
axb3 Ra2 28. Ng4 Qg6 29. Nf5 d5 30. exd5 Rxe1+ 31. Qxe1 Bd7 32. Nfe3 Bd6
33. Ra1 Rxa1 34. Qxa1 Bxg4 35. Nxg4 Qxc2 36. Bf1 Qc3 37. Qb1 Kg7 38. Qd1 f5
39. Nf2 Qe5 40. g3 Nxd5 41. Qd2 Ne3 42. Kg1 h5 43. Nd3 Qd4 44. Qf2 Nc2 45.
Be2 Qc3 46. Bd1 Nd4 47. Qe3 f4 48. Qe4 Qd2 49. Nf2 Qe3 50. Qd5 fxg3 51.
hxg3 Bxg3 52. Qb7+ Kf6 53. Qb6+ Ke5 0-1